ნორმალური ფორმატი
MARC ფორმატი
ჩანაწერი Personal Name
ჩანაწერთა რაოდენობა, რომელიც გამოყენებულია: 1
001 - CONTROL NUMBER
- control field: 21937
003 - CONTROL NUMBER IDENTIFIER
- control field: GE_BSU
005 - DATE AND TIME OF LATEST TRANSACTION
- control field: 20240425130945.0
008 - FIXED-LENGTH DATA ELEMENTS
- fixed length control field: 240425|| aca||aabn | a|a d
040 ## - CATALOGING SOURCE
- Original cataloging agency: GE_BSU
- Transcribing agency: GE_BSU
100 ## - HEADING--PERSONAL NAME
- Personal name: Ebadi, Manuchair
670 ## - SOURCE DATA FOUND
- Source citation: Work cat.: (GE_BSU): Ebadi, Manuchair, Desk Reference of Clinical Pharmacology /
